[Event "SR1418"]
[Site "SchemingMind.com"]
[Date "2005.07.23"]
[Round "-"]
[White "lumilinna"]
[Black "cnbcad"]
[Result "1-0"]
[WhiteCountry "FIN"]
[BlackCountry "USA"]
[WhiteElo "1665"]
[WhiteRD "79"]
[BlackElo "1476"]
[BlackRD "55"]
[GameID "20408"]

1. d4 d5 2. c4 Nf6 3. cxd5 Qxd5 4. Nc3 Qa5 5. Bd2 Qb6 6. Nf3 Nc6 7. e3 e6 8. a3 Qxb2 9. Nb5 Ne4 10. Nxc7+ Kd8
11. Nxa8 Bxa3 12. Bd3 Nxd2 13. Nxd2 Bb4 14. Rb1 Bxd2+ 15. Qxd2 Qxd2+ 16. Kxd2 b6 17. Rhc1 Bb7 18. Nxb6 axb6 19. Rxb6 Kc7 20. Rbxc6+ Bxc6
21. Be4 Rc8 22. Rxc6+ Kd7 23. Rxc8
1-0

[Event "SR1418"]
[Site "SchemingMind.com"]
[Date "2005.07.23"]
[Round "-"]
[White "lumilinna"]
[Black "mlazar"]
[Result "1-0"]
[WhiteCountry "FIN"]
[BlackCountry "USA"]
[WhiteElo "1765"]
[WhiteRD "71"]
[BlackElo "1657"]
[BlackRD "79"]
[GameID "20409"]

1. d4 d5 2. c4 c6 3. Nf3 Nf6 4. Nc3 e6 5. e3 Bb4 6. Bd2 O-O 7. a3 Bxc3 8. Bxc3 Ne4 9. Bd3 f5 10. Bb4 Rf6
11. cxd5 cxd5 12. Ne5 a5 13. Bc3 Nxc3 14. bxc3 Nc6 15. Nxc6 bxc6 16. Rb1 Rg6 17. O-O Ba6 18. Bxa6 Rxa6 19. Qb3 Ra8 20. Qb7 Qe8
21. Rb6 e5 22. dxe5 h6 23. Rfb1 Rc8 24. Ra6 Qd8 25. Rbb6 Qc7 26. Qxc7 Rxc7 27. Rxa5 Kf7 28. f4 c5 29. Rxg6 Kxg6 30. Kf2 Kf7
31. Ke2 Ke6 32. Ra6+ Ke7 33. Kd3 Kd7 34. Rd6+ Ke7 35. Rxd5 c4+ 36. Kd4 Ra7 37. Kxc4 Rxa3 38. Rd2 Ra4+ 39. Kb5
1-0

[Event "SR1418"]
[Site "SchemingMind.com"]
[Date "2005.07.23"]
[Round "-"]
[White "lumilinna"]
[Black "dadshane2000"]
[Result "1-0"]
[WhiteCountry "FIN"]
[BlackCountry "USA"]
[WhiteElo "1719"]
[WhiteRD "65"]
[BlackElo "1823"]
[BlackRD "73"]
[GameID "20410"]

1. d4 Nf6 2. c4 c5 3. d5 b5 4. cxb5 a6 5. bxa6 Bxa6 6. g3 g6 7. Bg2 d6 8. h4 Bg7 9. Nh3 Nbd7 10. Nf4 O-O
11. O-O Rb8 12. Qc2 Nb6 13. Nc3 Ng4 14. b3 Nd7 15. Bb2 Nde5 16. Rfe1 c4 17. Ne4 cxb3 18. axb3 Bc8 19. Nd2 Bf5 20. Be4 Qb6
21. e3 Rfc8 22. Qb1 Qb4 23. Bxf5 gxf5 24. Bxe5 Bxe5 25. Qxf5 Bxf4 26. Qxg4+ Kh8 27. Qxf4 Qxd2 28. Qxf7 Rxb3 29. Qxe7 Qxd5 30. Ra7 Qe5
31. Qxh7#
1-0

[Event "SR1418"]
[Site "SchemingMind.com"]
[Date "2005.07.23"]
[Round "-"]
[White "lumilinna"]
[Black "annis"]
[Result "1/2-1/2"]
[WhiteCountry "FIN"]
[BlackCountry "USA"]
[WhiteElo "1719"]
[WhiteRD "65"]
[BlackElo "1785"]
[BlackRD "78"]
[GameID "20411"]

1. d4 Nf6 2. c4 g6 3. Nc3 Bg7 4. Nf3 O-O 5. g3 d6 6. Bg2 Nbd7 7. O-O e5 8. e4 a6 9. Bg5 Qe8 10. Re1 exd4
11. Nxd4 Ne5 12. b3 h6 13. Bxf6 Bxf6 14. Nd5 Qd8 15. Qd2 Bg7 16. Rad1 Be6 17. f4 Bxd5 18. fxe5 dxe5 19. exd5 exd4 20. Re2 Qd7
21. Rde1 Rae8 22. Qb4 h5 23. c5 Rxe2 24. Rxe2 Re8 25. Rxe8+= Qxe8 26. Qd2=
1/2-1/2

[Event "SR1418"]
[Site "SchemingMind.com"]
[Date "2005.07.23"]
[Round "-"]
[White "lumilinna"]
[Black "Zarra"]
[Result "0-1"]
[WhiteCountry "FIN"]
[BlackCountry "FIN"]
[WhiteElo "1719"]
[WhiteRD "65"]
[BlackElo "1592"]
[BlackRD "93"]
[GameID "20412"]

1. d4 Nf6 2. c4 g6 3. Nc3 Bg7 4. Nf3 d6 5. g3 O-O 6. Bg2 Nc6 7. Bg5 h6 8. Bd2 Re8 9. e3 e5 10. d5 Ne7
11. e4 c5 12. dxc6 Nxc6 13. O-O Be6 14. b3 Qd7 15. Qc1 Kh7 16. Nd5 Bxd5 17. cxd5 Ne7 18. Ne1 Nfg8 19. h4 f5 20. Bh3 Nf6
21. f3 Rac8 22. Qa3 b6 23. Bb4 Red8 24. Nd3 a5 25. Bd2 Qb5 26. b4 axb4 27. Rab1 bxa3 28. Rxb5 Rc2 29. Bb4 Rxa2 30. Re1 fxe4
31. fxe4 Nh5 32. g4 Nf4 33. Nxf4 exf4 34. Kh1 Rb2 35. Rxb6 a2
0-1

[Event "SR1418"]
[Site "SchemingMind.com"]
[Date "2005.07.23"]
[Round "-"]
[White "lumilinna"]
[Black "flamingarrow"]
[Result "1-0"]
[WhiteCountry "FIN"]
[BlackCountry "GBR"]
[WhiteElo "1765"]
[WhiteRD "71"]
[BlackElo "1633"]
[BlackRD "78"]
[GameID "20413"]

1. d4 Nf6 2. c4 e6 3. Nc3 Bb4 4. Qc2 Bxc3+ 5. Qxc3 b6 6. Bg5 d5 7. e3 Bb7 8. c5 c6 9. a4 Nbd7 10. b4 h6
11. Bxf6 Nxf6 12. Bd3 Ne4 13. Bxe4 dxe4 14. Ne2 O-O 15. f3 exf3 16. gxf3 Qh4+ 17. Kd2 e5 18. Rag1 exd4 19. exd4 bxc5 20. dxc5 Rad8+
21. Kc1 g6 22. Rg4 Qe7 23. Nf4 Bc8 24. Re1 Qd7 25. Nh5 Qd2+ 26. Qxd2 Rxd2 27. Kxd2 Bxg4 28. Nf6+ Kg7 29. Nxg4 Rd8+ 30. Kc3 Rd7
31. b5 cxb5 32. axb5 h5 33. c6 Rc7 34. Ne5 f6 35. Nd7 Kf7 36. Kc4 g5 37. Kc5
1-0

[Event "SR1418"]
[Site "SchemingMind.com"]
[Date "2005.07.23"]
[Round "-"]
[White "lumilinna"]
[Black "rodrigos"]
[Result "1-0"]
[WhiteCountry "FIN"]
[BlackCountry "ENG"]
[WhiteElo "1712"]
[WhiteRD "73"]
[BlackElo "1560"]
[BlackRD "92"]
[GameID "20414"]

1. d4 Nf6 2. c4 g6 3. Nc3 Bg7 4. Nf3 d6 5. g3 O-O 6. Bg2 Re8 7. O-O e6 8. Bg5 Nc6 9. e3 h6 10. Bxf6 Bxf6
11. Nd2 Bg7 12. f4 f5 13. Rb1 Rb8 14. Nb5 a6 15. Nc3 Ne7 16. b4 b6 17. Qa4 e5 18. fxe5 dxe5 19. dxe5 Rf8 20. Rfd1 Bxe5
21. Nf3 Bd6 22. c5 bxc5 23. bxc5 Rxb1 24. Nxb1 Bd7 25. Qb3+ Kh7 26. cxd6 cxd6 27. Rxd6 Qc7 28. Rxa6 Rb8 29. Qf7+ Kh8 30. Nbd2 Bb5
31. Re6 Bd3 32. Rxe7 Rb1+ 33. Kf2
1-0

[Event "SR1418"]
[Site "SchemingMind.com"]
[Date "2005.07.23"]
[Round "-"]
[White "Kid A"]
[Black "lumilinna"]
[Result "1-0"]
[WhiteCountry "FIN"]
[BlackCountry "FIN"]
[WhiteElo "1788"]
[WhiteRD "68"]
[BlackElo "1719"]
[BlackRD "65"]
[GameID "20415"]

1. d4 Nf6 2. c4 g6 3. Nc3 Bg7 4. Nf3 O-O 5. e3 d5 6. Qc2 b6 7. b3 Bb7 8. Be2 Nbd7 9. Ba3 Re8 10. O-O Rc8
11. cxd5 Nxd5 12. Nxd5 Bxd5 13. e4 Bb7 14. Rad1 e6 15. Rfe1 Bf8 16. Bb2 Bb4 17. Nd2 Qg5 18. Nf3 Qf4 19. Nd2 c5 20. Qd3 Red8
21. g3 Qd6 22. Nc4 Qc6 23. d5 exd5 24. exd5 Qxd5 25. Qxd5 Bxd5 26. Rf1 Bxc4 27. Bxc4 Nb8 28. Bf6 Re8 29. Rd6 Bd2 30. Rxd2
1-0

[Event "SR1418"]
[Site "SchemingMind.com"]
[Date "2005.07.23"]
[Round "-"]
[White "cnbcad"]
[Black "lumilinna"]
[Result "0-1"]
[WhiteCountry "USA"]
[BlackCountry "FIN"]
[WhiteElo "1476"]
[WhiteRD "55"]
[BlackElo "1665"]
[BlackRD "79"]
[GameID "20416"]

1. e4 c5 2. Bc4 Nc6 3. Nf3 d6 4. Ng5 e6 5. Qf3 Nf6 6. b3 a6 7. Bb2 Nb4 8. Na3 b5 9. Bd3 h6 10. e5 dxe5
11. c3 Nxd3+ 12. Kf1 Nxb2 13. Qxa8 hxg5 14. Qc6+ Bd7 15. Qf3 c4 16. Rb1 Bxa3 17. Qb7 cxb3 18. axb3 O-O 19. Qxa6 Bc6 20. Qxc6 Qd3+
0-1

[Event "SR1418"]
[Site "SchemingMind.com"]
[Date "2005.07.23"]
[Round "-"]
[White "mlazar"]
[Black "lumilinna"]
[Result "1-0"]
[WhiteCountry "USA"]
[BlackCountry "FIN"]
[WhiteElo "1682"]
[WhiteRD "78"]
[BlackElo "1712"]
[BlackRD "73"]
[GameID "20417"]

1. g3 Nf6 2. Bg2 d5 3. d4 c6 4. Nc3 Bf5 5. Nf3 h6 6. O-O e6 7. Ne5 Nbd7 8. Nxd7 Qxd7 9. Re1 Bb4 10. Bd2 O-O
11. a3 Bd6 12. e4 dxe4 13. Nxe4 Bxe4 14. Bxe4 e5 15. Be3 Nxe4 16. dxe5 f5 17. exd6 Qxd6 18. Qxd6 Nxd6 19. Bc5 Rf6 20. Rad1 Ne4
21. Be3 a6 22. f3 Nd6 23. Bc5 Rd8 24. Re7 Nf7 25. Rxd8+ Nxd8 26. Re8+
1-0

[Event "SR1418"]
[Site "SchemingMind.com"]
[Date "2005.07.23"]
[Round "-"]
[White "dadshane2000"]
[Black "lumilinna"]
[Result "1/2-1/2"]
[WhiteCountry "USA"]
[BlackCountry "FIN"]
[WhiteElo "1823"]
[WhiteRD "73"]
[BlackElo "1719"]
[BlackRD "65"]
[GameID "20418"]

1. e4 c5 2. Nf3 Nc6 3. d4 cxd4 4. Nxd4 Nf6 5. Nc3 e5 6. Ndb5 d6 7. Bg5 a6 8. Na3 b5 9. Nd5 Be7 10. Bxf6 Bxf6
11. c3 O-O 12. Nc2 Bg5 13. h4 Bh6 14. g3 Be6 15. Bh3 Ne7 16. Ncb4 a5 17. Nxe7+ Qxe7 18. Nd5 Bxd5 19. Qxd5 Qc7 20. Qxb5 Rab8
21. Qe2 Rb6 22. O-O Rfb8 23. Rab1 a4 24. Qc2 Qc4 25. a3 Qb3 26. Qd3 Qb5 27. Rfd1 Qxd3 28. Rxd3 g6 29. c4 Bf8 30. Rd2 Rb3
31. Ra1=
1/2-1/2

[Event "SR1418"]
[Site "SchemingMind.com"]
[Date "2005.07.23"]
[Round "-"]
[White "annis"]
[Black "lumilinna"]
[Result "0-1"]
[WhiteCountry "USA"]
[BlackCountry "FIN"]
[WhiteElo "1708"]
[WhiteRD "76"]
[BlackElo "1784"]
[BlackRD "69"]
[GameID "20419"]

1. e4 c5 2. Nc3 Nc6 3. g3 g6 4. Bg2 Bg7 5. d3 d6 6. Be3 Rb8 7. Qd2 b5 8. Nge2 Nd4 9. O-O b4 10. Nd1 e6
11. Nc1 Ne7 12. c3 bxc3 13. bxc3 Ndc6 14. Bh6 O-O 15. Bxg7 Kxg7 16. Ne3 e5 17. Ne2 Bd7 18. f4 f5 19. Nd5 fxe4 20. Bxe4 Nxd5
21. Bxd5 Ne7 22. Bb3 Nc6 23. Bd5 Qe7 24. Rae1 Rf6 25. Bg2 Rb6 26. Nc1 a5 27. a4 h5 28. fxe5 Rxf1+ 29. Rxf1 Nxe5 30. d4 Nc4
31. Qa2 Ne3 32. Re1 Qg5 33. dxc5 Nxg2 34. Kxg2 dxc5 35. Rf1 Bc6+ 36. Kg1 Qe3+ 37. Qf2 Qxf2+ 38. Rxf2 Rb1 39. Rf1 Bxa4 40. Kf2 Bb5
41. Rd1 a4 42. Ke3 a3 43. Kd2 a2 44. Nxa2 Rb2+ 45. Ke3 Rxa2 46. h4 Rg2 47. Kf4 Rc2 48. Rb1 Bd3 49. Rb3 c4 50. Ra3 Rb2
51. Ke3 Kf6 52. Ra5 Ke6 53. Kd4 Kd6 54. Ra6+ Kc7 55. Kc5 Rg2 56. Ra7+ Kb8 57. Rf7 Rxg3 58. Rg7 Rg4 59. Kb6 Kc8 60. Kc6 Kd8
61. Kd6 Ke8 62. Ra7 Rxh4 63. Ke6 Re4+ 64. Kf6 Re3 65. Kg5 Bf5 66. Ra3 Rg3+ 67. Kf6 h4 68. Ra8+ Kd7 69. Ke5 h3 70. Kd4 h2
71. Rh8 Rh3
0-1

[Event "SR1418"]
[Site "SchemingMind.com"]
[Date "2005.07.23"]
[Round "-"]
[White "Zarra"]
[Black "lumilinna"]
[Result "0-1"]
[WhiteCountry "FIN"]
[BlackCountry "FIN"]
[WhiteElo "1592"]
[WhiteRD "93"]
[BlackElo "1719"]
[BlackRD "65"]
[GameID "20420"]

1. e4 c5 2. Nf3 Nc6 3. d4 cxd4 4. Nxd4 Nf6 5. Nc3 e5 6. Ndb5 d6 7. Bg5 a6 8. Na3 b5 9. Nd5 Be7 10. Bxf6 Bxf6
11. c3 O-O 12. Nc2 Bg5 13. a4 bxa4 14. Rxa4 a5 15. Bc4 Rb8 16. b3 Kh8 17. O-O f5 18. f3 fxe4 19. fxe4 Rxf1+ 20. Qxf1 Be6
21. Ne1 Bd7 22. Nf3 Bh6 23. Qf2 Rb7 24. b4 Nxb4 25. cxb4 Bxa4 26. bxa5 Rb1+ 27. Ne1 g6 28. Nb6 Bc6 29. Bd3 Ra1 30. Nc4 Bb5
31. Nxe5 dxe5 32. Bxb5 Qxa5
0-1

[Event "SR1418"]
[Site "SchemingMind.com"]
[Date "2005.07.23"]
[Round "-"]
[White "flamingarrow"]
[Black "lumilinna"]
[Result "0-1"]
[WhiteCountry "GBR"]
[BlackCountry "FIN"]
[WhiteElo "1633"]
[WhiteRD "78"]
[BlackElo "1765"]
[BlackRD "71"]
[GameID "20421"]

1. e4 c5 2. Nf3 Nc6 3. d4 cxd4 4. Nxd4 Nf6 5. Nxc6 bxc6 6. Nc3 e5 7. Bc4 Bb4 8. Bg5 Bxc3+ 9. bxc3 Qa5 10. Qd3 Nxe4
11. Qxe4 Qxc3+ 12. Ke2 d5 13. Qd3 Qxc4 14. Qxc4 dxc4 15. Rhd1 Bf5 16. Rd2 Be4 17. Rad1 f6 18. Be3 O-O 19. f3 Bd5 20. c3 Rfb8
21. Bc5 Rb5 22. Be3 a5 23. g4 Kf7 24. h4 Ke6 25. Kf2 a4 26. Re1 Rab8 27. f4 Rb2 28. Ree2 Rxd2 29. Rxd2 g6 30. fxe5 fxe5
31. Kg3 Be4 32. Bc5 Bd3 33. a3 Rb3 34. Bb4 c5 35. Bxc5 Rxc3 36. Kg2 Kd5 37. Bb4 Rc2 38. Rxc2 Bxc2 39. Kf3 Bd1+ 40. Kg3 Ke4
41. Bc3 Kd3 42. Bxe5 c3
0-1

[Event "SR1418"]
[Site "SchemingMind.com"]
[Date "2005.07.23"]
[Round "-"]
[White "rodrigos"]
[Black "lumilinna"]
[Result "0-1"]
[WhiteCountry "ENG"]
[BlackCountry "FIN"]
[WhiteElo "1578"]
[WhiteRD "88"]
[BlackElo "1765"]
[BlackRD "71"]
[GameID "20422"]

1. e4 c5 2. c3 d5 3. h3 dxe4 4. Qa4+ Nc6 5. Qxe4 Nf6 6. Qf3 e6 7. Bb5 Bd7 8. Ne2 a6 9. Bxc6 Bxc6 10. Qg3 Ne4
11. Qe3 c4 12. O-O Bc5 13. d4 cxd3 14. Nd4 Qd5 15. f3 Ng3 16. Re1 Nf5 17. Qxd3 Bxd4+ 18. cxd4 Qxd4+ 19. Qxd4 Nxd4 20. Na3 O-O
21. b3 b5 22. Bb2 Nf5 23. Rac1 Bd5 24. Nb1 b4 25. Nd2 Rac8 26. Nf1 Rc6 27. Rxc6 Bxc6 28. Rd1 Rc8 29. Nd2 Bd5 30. Nc4 Bxc4
31. bxc4 Ne3 32. Rc1 Rxc4 33. Rxc4 Nxc4 34. Bd4 e5 35. Bc5 a5 36. Kf2 f5 37. Ke2 e4 38. h4 Kf7 39. fxe4 fxe4 40. g4 Ke6
41. Kf2 Kd5 42. Ba7 a4 43. Ke2 b3 44. axb3 axb3 45. Kd1 e3 46. Kc1 Ke4 47. g5 Kd3 48. Bc5 e2 49. Bb4 b2+ 50. Kb1 Nd2+
0-1

[Event "SR1418"]
[Site "SchemingMind.com"]
[Date "2005.07.28"]
[Round "-"]
[White "AlekhineKid"]
[Black "Kid A"]
[Result "0-1"]
[WhiteCountry "USA"]
[BlackCountry "FIN"]
[WhiteElo "1691"]
[WhiteRD "77"]
[BlackElo "1853"]
[BlackRD "70"]
[GameID "20794"]

1. e4 e5 2. Nf3 Nc6 3. Bb5 a6 4. Ba4 Nf6 5. O-O b5 6. Bb3 Bb7 7. Re1 Bc5 8. c3 Bb6 9. d4 d6 10. Bg5 h6
11. Bh4 O-O 12. Nbd2 Re8 13. Nf1 Na5 14. Bc2 c5 15. d5 g5 16. Nxg5 hxg5 17. Bxg5 Kg7 18. Qf3 Bc8 19. Ng3 Rh8 20. Bxf6+ Qxf6
21. Nh5+ Rxh5 22. Qxh5 c4 23. Rf1 Qf4 24. h3 Bd7 25. Rae1 Rh8 26. Qd1 Rxh3 27. gxh3 Qg3+
0-1

[Event "SR1418"]
[Site "SchemingMind.com"]
[Date "2005.07.28"]
[Round "-"]
[White "AlekhineKid"]
[Black "lumilinna"]
[Result "1-0"]
[WhiteCountry "USA"]
[BlackCountry "FIN"]
[WhiteElo "1878"]
[WhiteRD "92"]
[BlackElo "1719"]
[BlackRD "65"]
[GameID "20795"]

1. e4 c5 2. c3 d5 3. exd5 Qxd5 4. d4 Nc6 5. Nf3 Bg4 6. Be2 cxd4 7. cxd4 e6 8. Nc3 Qa5 9. O-O Nf6 10. Be3 Be7
11. a3 O-O 12. b4 Qd8 13. b5 Na5 14. Ne5 Bxe2 15. Qxe2 Nb3 16. Rad1 Qa5 17. Qc2 Rac8 18. Qxb3 Rxc3 19. Qb1 Qxa3 20. Rc1 Rfc8
21. Rxc3 Rxc3 22. Bd2 Rb3 23. Qc2 Rxb5 24. Qc8+ Bf8 25. Rc1 Qd6 26. Be3 Nd5 27. Qe8
1-0

[Event "SR1418"]
[Site "SchemingMind.com"]
[Date "2005.07.28"]
[Round "-"]
[White "AlekhineKid"]
[Black "cnbcad"]
[Result "1-0"]
[WhiteCountry "USA"]
[BlackCountry "USA"]
[WhiteElo "1726"]
[WhiteRD "142"]
[BlackElo "1425"]
[BlackRD "52"]
[GameID "20796"]

1. e4 e5 2. Nf3 Nc6 3. Bb5 Nf6 4. O-O Nxe4 5. d4 a6 6. Bxc6 dxc6 7. Re1 Bf5 8. Nc3 Bb4 9. Rxe4 Qd6 10. Rxe5+ Be6
11. Ne4 Qd8 12. Neg5 O-O 13. Nxe6 fxe6 14. Bg5 Be7 15. Bxe7 Qxe7 16. Qe2 b5 17. Rxe6 Qb4 18. c3 Qa5 19. Rxc6 Rad8 20. Qe6+ Kh8
21. Rxa6 Rfe8 22. Qc6 Rd6 23. Qxe8#
1-0

[Event "SR1418"]
[Site "SchemingMind.com"]
[Date "2005.07.28"]
[Round "-"]
[White "AlekhineKid"]
[Black "mlazar"]
[Result "1-0"]
[WhiteCountry "USA"]
[BlackCountry "USA"]
[WhiteElo "1873"]
[WhiteRD "95"]
[BlackElo "1657"]
[BlackRD "79"]
[GameID "20797"]

1. e4 e5 2. Nf3 Nc6 3. Bb5 d6 4. d4 Bd7 5. Nc3 a6 6. Bxc6 Bxc6 7. dxe5 f5 8. exf5 Bxf3 9. Qxf3 Qe7 10. Qxb7 Qxe5+
11. Be3 Rd8 12. O-O-O Qxf5 13. Rhe1 Nf6 14. Bh6+ Kf7 15. Qxc7+ Rd7 16. Qc4+ d5 17. Rxd5 Nxd5 18. Rd1 Kg6 19. Nxd5 Kxh6 20. Qh4+ Qh5
21. Qxh5+ Kxh5 22. Nf4+ Kg4 23. Rxd7 Kxf4 24. Rd8 g6 25. Kd1 Bg7 26. Rxh8 Bxh8 27. b3 Bc3 28. Ke2 h5 29. Kd3 Be5 30. c4 Kf5
31. h3 g5 32. b4 Ke6 33. Ke4 Bc3 34. b5 axb5 35. cxb5 Kd6 36. Kf5 Bd2 37. g3 Kc5 38. a4 Kb6 39. f4 gxf4 40. gxf4 h4
41. Kg4 Be1 42. f5
1-0

[Event "SR1418"]
[Site "SchemingMind.com"]
[Date "2005.07.28"]
[Round "-"]
[White "AlekhineKid"]
[Black "dadshane2000"]
[Result "1/2-1/2"]
[WhiteCountry "USA"]
[BlackCountry "USA"]
[WhiteElo "1873"]
[WhiteRD "95"]
[BlackElo "1846"]
[BlackRD "75"]
[GameID "20798"]

1. e4 e5 2. Nf3 Nc6 3. Bc4 Nf6 4. Ng5 d5 5. exd5 Na5 6. Bb5+ c6 7. dxc6 bxc6 8. Be2 h6 9. Nf3 e4 10. Ne5 Bd6
11. d4 exd3 12. Nxd3 Qc7 13. Be3 c5 14. Bf3 Rb8 15. c4 O-O 16. Nd2 Re8 17. O-O Bf5 18. Qe2 Rbd8 19. Nc1 Bxh2+ 20. Kh1 Bf4
21. Re1 Nc6 22. Ncb3 Nd4 23. Qf1 Nxf3 24. Nxf3 Bd3 25. Qg1 Bxe3 26. Rxe3 Rxe3 27. fxe3 Ne4 28. g4 Ng3+ 29. Kg2 Bxc4 30. Qh2 Rd3
31. Qxg3 Qxg3+ 32. Kxg3 Bxb3 33. axb3 Rxe3 34. Rxa7=
1/2-1/2

[Event "SR1418"]
[Site "SchemingMind.com"]
[Date "2005.07.28"]
[Round "-"]
[White "AlekhineKid"]
[Black "annis"]
[Result "1-0"]
[WhiteCountry "USA"]
[BlackCountry "USA"]
[WhiteElo "1873"]
[WhiteRD "95"]
[BlackElo "1807"]
[BlackRD "84"]
[GameID "20799"]

1. e4 Nf6 2. e5 Nd5 3. d4 d6 4. Nf3 dxe5 5. Nxe5 c6 6. c4 Nb4 7. a3 Qxd4 8. axb4 Qxe5+ 9. Be2 e6 10. Qb3 b6
11. Nc3 Na6 12. O-O Bxb4 13. Bd2 Bxc3 14. Bxc3 Qxe2 15. Bxg7 Rg8 16. Qg3 Nc5 17. Rad1 Ba6 18. b4 Rd8 19. Rxd8+ Kxd8 20. Bf6+ Kd7
21. Qxg8 Kc7 22. bxc5 Bxc4 23. Qxf7+ Kc8 24. Qe8+ Kb7 25. Qd7+ Ka6 26. Ra1+ Kb5 27. cxb6 axb6 28. Rb1+ Ka5 29. Qa7+ Ba6 30. Qxb6+ Ka4
31. Qb4#
1-0

[Event "SR1418"]
[Site "SchemingMind.com"]
[Date "2005.07.28"]
[Round "-"]
[White "AlekhineKid"]
[Black "Zarra"]
[Result "0-1"]
[WhiteCountry "USA"]
[BlackCountry "FIN"]
[WhiteElo "1726"]
[WhiteRD "142"]
[BlackElo "1534"]
[BlackRD "124"]
[GameID "20800"]

1. e4 c5 2. c3 d5 3. exd5 Qxd5 4. d4 Nf6 5. Nf3 e6 6. Bd3 Nc6 7. O-O cxd4 8. cxd4 Be7 9. Nc3 Qd6 10. Be3 b6
11. Nb5 Qb8 12. Qc1 Nb4 13. Nc7+ Kf8 14. Be2 Bb7 15. Nxa8 Bxa8 16. a3 Ng4 17. axb4 Bxf3 18. Bxf3 Qxh2#
0-1

[Event "SR1418"]
[Site "SchemingMind.com"]
[Date "2005.07.28"]
[Round "-"]
[White "AlekhineKid"]
[Black "flamingarrow"]
[Result "1-0"]
[WhiteCountry "USA"]
[BlackCountry "GBR"]
[WhiteElo "1726"]
[WhiteRD "142"]
[BlackElo "1694"]
[BlackRD "83"]
[GameID "20801"]

1. e4 c5 2. c3 d5 3. exd5 Qxd5 4. d4 cxd4 5. cxd4 Nc6 6. Nf3 Nf6 7. Nc3 Qd8 8. Bb5 Bd7 9. d5 Na5 10. Qe2 b6
11. O-O Bxb5 12. Qxb5+ Qd7 13. Bf4 Qxb5 14. Nxb5 Nxd5 15. Bg3 a6 16. Rfd1 e6 17. Rxd5 exd5 18. Nc7+ Kd7 19. Nxa8 Bc5 20. Nc7 Bd6
21. Nxd5 b5 22. Bxd6 Kxd6 23. Rd1 Kc5 24. b4+
1-0

[Event "SR1418"]
[Site "SchemingMind.com"]
[Date "2005.07.28"]
[Round "-"]
[White "Kid A"]
[Black "AlekhineKid"]
[Result "1-0"]
[WhiteCountry "FIN"]
[BlackCountry "USA"]
[WhiteElo "1853"]
[WhiteRD "70"]
[BlackElo "1691"]
[BlackRD "77"]
[GameID "20803"]

1. e4 c6 2. d4 d5 3. Nc3 dxe4 4. Nxe4 Bf5 5. Ng3 Bg6 6. h4 h6 7. Nf3 Nd7 8. Bf4 Ngf6 9. Bc4 e6 10. Qd2 Nb6
11. Bd3 Bxd3 12. Qxd3 Bd6 13. Ne5 Nbd5 14. Bd2 Qc7 15. f4 O-O-O 16. O-O-O c5 17. Ne4 Nxe4 18. Qxe4 cxd4 19. Qxd4 Kb8 20. Rhe1 Rc8
21. Bc3 Nxc3 22. Qxc3 Qxc3 23. bxc3 Bxe5 24. Rxe5 Rxc3 25. Kb2 Rhc8 26. Re2 R3c7 27. Red2 b6 28. Rf1 g6 29. Rf3 h5 30. Re3 Re7
31. g3 Rcc7 32. Red3 Kb7 33. Kb3 Rc5 34. Rd7+ Rxd7 35. Rxd7+ Rc7 36. Rd4
1-0

[Event "SR1418"]
[Site "SchemingMind.com"]
[Date "2005.07.28"]
[Round "-"]
[White "lumilinna"]
[Black "AlekhineKid"]
[Result "0-1"]
[WhiteCountry "FIN"]
[BlackCountry "USA"]
[WhiteElo "1765"]
[WhiteRD "71"]
[BlackElo "1873"]
[BlackRD "95"]
[GameID "20804"]

1. d4 d5 2. c4 e6 3. Nc3 Nf6 4. cxd5 exd5 5. Bg5 Be7 6. e3 O-O 7. Bd3 Nbd7 8. Nge2 h6 9. Bh4 c6 10. O-O Ne4
11. Bxe7 Qxe7 12. Qc2 Ndf6 13. Rfe1 Bd7 14. f3 Nxc3 15. Nxc3 Rad8 16. e4 Be6 17. a4 dxe4 18. Nxe4 Rxd4 19. Nc5 Rfd8 20. Nxe6 fxe6
21. Bc4 Nd5 22. Re5 Qc5 23. Bd3 Rc4+ 24. Qf2 Rc1+ 25. Rxc1 Qxc1+ 26. Re1 Qf4 27. Qxa7 Qd2
0-1

[Event "SR1418"]
[Site "SchemingMind.com"]
[Date "2005.07.29"]
[Round "-"]
[White "cnbcad"]
[Black "AlekhineKid"]
[Result "0-1"]
[WhiteCountry "USA"]
[BlackCountry "USA"]
[WhiteElo "1465"]
[WhiteRD "53"]
[BlackElo "1873"]
[BlackRD "95"]
[GameID "20805"]

1. e4 c6 2. d3 d5 3. e5 d4 4. Nf3 Bg4 5. h3 Bxf3 6. Qxf3 e6 7. Qe2 Nd7 8. c3 dxc3 9. bxc3 Qa5 10. Bb2 Qxe5
11. c4 Qxe2+ 12. Bxe2 Ngf6 13. O-O c5 14. Bf3 O-O-O 15. Nc3 Ne5 16. Be2 Nxd3 17. Bxd3 Rxd3 18. Nb5 a6 19. Nc3 Be7 20. Na4 Rhd8
21. Rab1 b5 22. cxb5 axb5 23. Nc3 b4 24. Nb5 c4 25. Na7+ Kb7 26. Nb5 Kb6 27. a4 Ra8 28. Bd4+ Kc6 29. Rxb4 Bxb4 30. Ra1 Rd8
31. Na7+ Kb7 32. Be3 Rxe3 33. fxe3 Kxa7 34. Rb1 Ba5 35. Rb5 Rd5
0-1

[Event "SR1418"]
[Site "SchemingMind.com"]
[Date "2005.07.28"]
[Round "-"]
[White "mlazar"]
[Black "AlekhineKid"]
[Result "0-1"]
[WhiteCountry "USA"]
[BlackCountry "USA"]
[WhiteElo "1682"]
[WhiteRD "78"]
[BlackElo "1726"]
[BlackRD "142"]
[GameID "20806"]

1. Nf3 Nf6 2. Nc3 d5 3. d4 c5 4. e3 Bg4 5. Be2 e6 6. h3 Bh5 7. O-O Nc6 8. Bd2 Bd6 9. Bb5 O-O 10. Bxc6 bxc6
11. g4 Bg6 12. Ne5 Bxe5 13. dxe5 Nd7 14. f4 f6 15. exf6 gxf6 16. Na4 Qe7 17. b3 Be4 18. Nc3 Qg7 19. Nxe4 dxe4 20. Bc3 Qh6
21. Qxd7 Qxh3 22. Qxe6+ Rf7 23. Rf2 Qxe3 24. Bd2 Qd4 25. Qxc6 Qxa1+ 26. Rf1 Qd4+ 27. Kh2 Qxd2+ 28. Kg1 Rd8 29. Qxe4 Qd4+
0-1

[Event "SR1418"]
[Site "SchemingMind.com"]
[Date "2005.07.28"]
[Round "-"]
[White "dadshane2000"]
[Black "AlekhineKid"]
[Result "1-0"]
[WhiteCountry "USA"]
[BlackCountry "USA"]
[WhiteElo "1823"]
[WhiteRD "73"]
[BlackElo "1878"]
[BlackRD "92"]
[GameID "20807"]

1. e4 Nf6 2. e5 Nd5 3. d4 d6 4. Nf3 Bg4 5. Be2 e6 6. O-O c5 7. c4 Nb6 8. dxc5 dxc5 9. Qxd8+ Kxd8 10. Rd1+ Ke8
11. h3 Bxf3 12. Bxf3 Nc6 13. Bxc6+ bxc6 14. b3 Be7 15. Bb2 Rd8 16. Nd2 Kd7 17. Ne4+ Kc7 18. Bc3 Rxd1+ 19. Rxd1 Rd8 20. Rxd8 Kxd8
21. f4 Nd7 22. Kf2 f5 23. exf6 Nxf6 24. Kf3 Nxe4 25. Kxe4 Bf6 26. Be5 Ke7 27. g4 h6 28. Bxf6+ gxf6 29. h4 Kf7 30. a3 a5
31. g5 h5 32. gxf6 Kxf6 33. a4 Ke7 34. Ke5 Kd7 35. f5 exf5 36. Kxf5 Kd6 37. Kg5 Ke5 38. Kxh5 Kf5 39. Kh6 Kf6 40. h5 Ke5
41. Kg5 Kd4 42. h6 Kc3 43. h7 Kxb3 44. h8=Q Kxa4 45. Qf6 Kb4 46. Qb2+ Ka4 47. Qd2 Kb3 48. Qxa5 Kxc4 49. Qa4+ Kc3 50. Qxc6 c4
51. Qe4 Kb3 52. Qb1+ Kc3 53. Qc1+ Kb3 54. Kf4 c3 55. Ke3
1-0

[Event "SR1418"]
[Site "SchemingMind.com"]
[Date "2005.07.28"]
[Round "-"]
[White "annis"]
[Black "AlekhineKid"]
[Result "1-0"]
[WhiteCountry "USA"]
[BlackCountry "USA"]
[WhiteElo "1764"]
[WhiteRD "76"]
[BlackElo "1691"]
[BlackRD "77"]
[GameID "20808"]

1. e4 c5 2. Nc3 Nc6 3. g3 g6 4. Bg2 Bg7 5. d3 e6 6. Be3 Nd4 7. Nce2 Ne7 8. Nxd4 cxd4 9. Bf4 d5 10. Qd2 b6
11. h4 h5 12. Qe2 Bb7 13. Nf3 O-O 14. Ng5 Rc8 15. g4 e5 16. Bg3 hxg4 17. f4 gxf3 18. Bxf3 dxe4 19. Nxe4 Nf5 20. Bf2 Qc7
21. Rc1 Bh6 22. Ng5 Qe7 23. a3 Bxf3 24. Qxf3 Bxg5 25. hxg5 Qxg5 26. Ke2
1-0